<?xml version="1.0" encoding="UTF-8"?>
<record
    xmlns:xsi="http://www.w3.org/2001/XMLSchema-instance"
    xsi:schemaLocation="http://www.loc.gov/MARC21/slim http://www.loc.gov/standards/marcxml/schema/MARC21slim.xsd"
    xmlns="http://www.loc.gov/MARC21/slim">

  <leader>00812nam a22002057a 4500</leader>
  <controlfield tag="005">20230320121348.0</controlfield>
  <controlfield tag="008">230301b        |||||||| |||| 00| 0 eng d</controlfield>
  <datafield tag="020" ind1=" " ind2=" ">
    <subfield code="a">9788190216807</subfield>
  </datafield>
  <datafield tag="041" ind1=" " ind2=" ">
    <subfield code="a">eng</subfield>
  </datafield>
  <datafield tag="082" ind1=" " ind2=" ">
    <subfield code="a">746.44</subfield>
    <subfield code="b">SHR</subfield>
  </datafield>
  <datafield tag="100" ind1=" " ind2=" ">
    <subfield code="a">Shrikant Usha</subfield>
  </datafield>
  <datafield tag="245" ind1=" " ind2=" ">
    <subfield code="a">Designs For a Lifetime</subfield>
  </datafield>
  <datafield tag="260" ind1=" " ind2=" ">
    <subfield code="a">Mumbai</subfield>
    <subfield code="b">The South Pacific Clothes Export Company</subfield>
    <subfield code="c">2010</subfield>
  </datafield>
  <datafield tag="300" ind1=" " ind2=" ">
    <subfield code="a">207</subfield>
  </datafield>
  <datafield tag="365" ind1=" " ind2=" ">
    <subfield code="b">1750.00</subfield>
    <subfield code="c">Rs.00</subfield>
  </datafield>
  <datafield tag="520" ind1=" " ind2=" ">
    <subfield code="a">Bengal - Kantha Embroidery
Gujrat - Rajasthan &amp; Banjara Embroidery
Karnataka- Kasuti Embroidery &amp; Phulkari - Punjab
Kashmir - Kashida Embroidery
Lucknow &#x2013; Chikankari
Surat &#x2013; Gujrat &#x2013; Chindi
Uttar Pradesh &#x2013; Zardoshi Embroidery
Fun Embroidery &#x2013; Playing with Stitches
Ensambles &amp; Accessories
</subfield>
  </datafield>
  <datafield tag="650" ind1=" " ind2=" ">
    <subfield code="a">Embroidery</subfield>
    <subfield code="9">119869</subfield>
  </datafield>
  <datafield tag="942" ind1=" " ind2=" ">
    <subfield code="c">BK</subfield>
  </datafield>
  <datafield tag="999" ind1=" " ind2=" ">
    <subfield code="c">98313</subfield>
    <subfield code="d">98313</subfield>
  </datafield>
  <datafield tag="952" ind1=" " ind2=" ">
    <subfield code="0">0</subfield>
    <subfield code="1">0</subfield>
    <subfield code="2">ddc</subfield>
    <subfield code="4">0</subfield>
    <subfield code="7">0</subfield>
    <subfield code="a">SOFT</subfield>
    <subfield code="b">SOFT</subfield>
    <subfield code="d">2023-02-27</subfield>
    <subfield code="e">Usha Shrikant</subfield>
    <subfield code="g">1750.00</subfield>
    <subfield code="o">746.44 SHR</subfield>
    <subfield code="p">SOFT-BK-4098</subfield>
    <subfield code="r">2023-03-01 00:00:00</subfield>
    <subfield code="t">30%</subfield>
    <subfield code="v">2500.00</subfield>
    <subfield code="w">2023-03-01</subfield>
    <subfield code="y">BK</subfield>
    <subfield code="z">004098</subfield>
  </datafield>
  <datafield tag="952" ind1=" " ind2=" ">
    <subfield code="0">0</subfield>
    <subfield code="1">0</subfield>
    <subfield code="2">ddc</subfield>
    <subfield code="4">0</subfield>
    <subfield code="7">0</subfield>
    <subfield code="a">SOFT</subfield>
    <subfield code="b">SOFT</subfield>
    <subfield code="d">2023-02-27</subfield>
    <subfield code="e">Usha Shrikant</subfield>
    <subfield code="g">1750.00</subfield>
    <subfield code="l">10</subfield>
    <subfield code="o">746.44 SHR</subfield>
    <subfield code="p">SOFT-BK-4099</subfield>
    <subfield code="r">2025-09-23 16:21:43</subfield>
    <subfield code="s">2025-09-17</subfield>
    <subfield code="t">30%</subfield>
    <subfield code="v">2500.00</subfield>
    <subfield code="w">2023-03-01</subfield>
    <subfield code="y">BK</subfield>
    <subfield code="z">004099</subfield>
  </datafield>
  <datafield tag="952" ind1=" " ind2=" ">
    <subfield code="0">0</subfield>
    <subfield code="1">0</subfield>
    <subfield code="2">ddc</subfield>
    <subfield code="4">0</subfield>
    <subfield code="7">0</subfield>
    <subfield code="a">SOFT</subfield>
    <subfield code="b">SOFT</subfield>
    <subfield code="d">2023-02-27</subfield>
    <subfield code="e">Usha Shrikant</subfield>
    <subfield code="g">1750.00</subfield>
    <subfield code="l">15</subfield>
    <subfield code="o">746.44 SHR</subfield>
    <subfield code="p">SOFT-BK-4100</subfield>
    <subfield code="r">2024-10-04 00:00:00</subfield>
    <subfield code="s">2024-10-01</subfield>
    <subfield code="t">30%</subfield>
    <subfield code="v">2500.00</subfield>
    <subfield code="w">2023-03-01</subfield>
    <subfield code="y">BK</subfield>
    <subfield code="z">004100</subfield>
  </datafield>
  <datafield tag="952" ind1=" " ind2=" ">
    <subfield code="0">0</subfield>
    <subfield code="1">0</subfield>
    <subfield code="2">ddc</subfield>
    <subfield code="4">0</subfield>
    <subfield code="7">0</subfield>
    <subfield code="a">SOFT</subfield>
    <subfield code="b">SOFT</subfield>
    <subfield code="d">2023-02-27</subfield>
    <subfield code="e">Usha Shrikant</subfield>
    <subfield code="g">1750.00</subfield>
    <subfield code="l">13</subfield>
    <subfield code="o">746.44 SHR</subfield>
    <subfield code="p">SOFT-BK-4101</subfield>
    <subfield code="r">2024-09-02 00:00:00</subfield>
    <subfield code="s">2024-08-28</subfield>
    <subfield code="t">30%</subfield>
    <subfield code="v">2500.00</subfield>
    <subfield code="w">2023-03-01</subfield>
    <subfield code="y">BK</subfield>
    <subfield code="z">004101</subfield>
  </datafield>
  <datafield tag="952" ind1=" " ind2=" ">
    <subfield code="0">0</subfield>
    <subfield code="1">0</subfield>
    <subfield code="2">ddc</subfield>
    <subfield code="4">0</subfield>
    <subfield code="7">0</subfield>
    <subfield code="a">SOFT</subfield>
    <subfield code="b">SOFT</subfield>
    <subfield code="d">2023-02-27</subfield>
    <subfield code="e">Usha Shrikant</subfield>
    <subfield code="g">1750.00</subfield>
    <subfield code="l">12</subfield>
    <subfield code="o">746.44 SHR</subfield>
    <subfield code="p">SOFT-BK-4102</subfield>
    <subfield code="r">2025-10-07 13:31:57</subfield>
    <subfield code="s">2025-10-03</subfield>
    <subfield code="t">30%</subfield>
    <subfield code="v">2500.00</subfield>
    <subfield code="w">2023-03-01</subfield>
    <subfield code="y">BK</subfield>
    <subfield code="z">004102</subfield>
  </datafield>
  <datafield tag="952" ind1=" " ind2=" ">
    <subfield code="0">0</subfield>
    <subfield code="1">0</subfield>
    <subfield code="2">ddc</subfield>
    <subfield code="4">0</subfield>
    <subfield code="7">0</subfield>
    <subfield code="a">SOFT</subfield>
    <subfield code="b">SOFT</subfield>
    <subfield code="d">2024-08-05</subfield>
    <subfield code="e">Usha Shrikant</subfield>
    <subfield code="g">2500.00</subfield>
    <subfield code="l">3</subfield>
    <subfield code="o">746.44 SHR</subfield>
    <subfield code="p">SOFT-BK-D170</subfield>
    <subfield code="r">2025-09-18 15:44:30</subfield>
    <subfield code="s">2025-09-15</subfield>
    <subfield code="v">2500.00</subfield>
    <subfield code="w">2024-08-13</subfield>
    <subfield code="y">DB</subfield>
    <subfield code="z">D170</subfield>
  </datafield>
  <datafield tag="952" ind1=" " ind2=" ">
    <subfield code="0">0</subfield>
    <subfield code="1">0</subfield>
    <subfield code="2">ddc</subfield>
    <subfield code="4">0</subfield>
    <subfield code="7">0</subfield>
    <subfield code="a">SOFT</subfield>
    <subfield code="b">SOFT</subfield>
    <subfield code="d">2024-08-05</subfield>
    <subfield code="e">Usha Shrikant</subfield>
    <subfield code="g">2500.00</subfield>
    <subfield code="l">2</subfield>
    <subfield code="o">746.44 SHR</subfield>
    <subfield code="p">SOFT-BK-D171</subfield>
    <subfield code="r">2025-09-30 10:34:04</subfield>
    <subfield code="s">2025-09-02</subfield>
    <subfield code="v">2500.00</subfield>
    <subfield code="w">2024-08-13</subfield>
    <subfield code="y">DB</subfield>
    <subfield code="z">D171</subfield>
  </datafield>
  <datafield tag="952" ind1=" " ind2=" ">
    <subfield code="0">0</subfield>
    <subfield code="1">0</subfield>
    <subfield code="2">ddc</subfield>
    <subfield code="4">0</subfield>
    <subfield code="7">0</subfield>
    <subfield code="a">SOFT</subfield>
    <subfield code="b">SOFT</subfield>
    <subfield code="d">2025-07-25</subfield>
    <subfield code="e">Usha Shrikant</subfield>
    <subfield code="g">2500.00</subfield>
    <subfield code="o">746.44 SHR</subfield>
    <subfield code="p">SOFT-BK-D238</subfield>
    <subfield code="r">2025-07-25 00:00:00</subfield>
    <subfield code="y">DB</subfield>
  </datafield>
  <datafield tag="952" ind1=" " ind2=" ">
    <subfield code="0">0</subfield>
    <subfield code="1">0</subfield>
    <subfield code="2">ddc</subfield>
    <subfield code="4">0</subfield>
    <subfield code="7">0</subfield>
    <subfield code="a">SOFT</subfield>
    <subfield code="b">SOFT</subfield>
    <subfield code="d">2025-07-25</subfield>
    <subfield code="e">Usha Shrikant</subfield>
    <subfield code="g">2500.00</subfield>
    <subfield code="o">746.44 SHR</subfield>
    <subfield code="p">SOFT-BK-D239</subfield>
    <subfield code="r">2025-07-25 00:00:00</subfield>
    <subfield code="y">DB</subfield>
  </datafield>
  <datafield tag="952" ind1=" " ind2=" ">
    <subfield code="0">0</subfield>
    <subfield code="1">0</subfield>
    <subfield code="2">ddc</subfield>
    <subfield code="4">0</subfield>
    <subfield code="7">0</subfield>
    <subfield code="a">SOFT</subfield>
    <subfield code="b">SOFT</subfield>
    <subfield code="d">2025-07-25</subfield>
    <subfield code="e">Usha Shrikant</subfield>
    <subfield code="g">2500.00</subfield>
    <subfield code="o">746.44 SHR</subfield>
    <subfield code="p">SOFT-BK-D240</subfield>
    <subfield code="r">2025-07-25 00:00:00</subfield>
    <subfield code="y">DB</subfield>
  </datafield>
  <datafield tag="952" ind1=" " ind2=" ">
    <subfield code="0">0</subfield>
    <subfield code="1">0</subfield>
    <subfield code="2">ddc</subfield>
    <subfield code="4">0</subfield>
    <subfield code="7">0</subfield>
    <subfield code="a">SOFT</subfield>
    <subfield code="b">SOFT</subfield>
    <subfield code="d">2025-07-25</subfield>
    <subfield code="e">Usha Shrikant</subfield>
    <subfield code="g">2500.00</subfield>
    <subfield code="l">1</subfield>
    <subfield code="o">746.44 SHR</subfield>
    <subfield code="p">SOFT-BK-D241</subfield>
    <subfield code="r">2025-10-09 11:58:35</subfield>
    <subfield code="s">2025-09-24</subfield>
    <subfield code="y">DB</subfield>
  </datafield>
  <datafield tag="952" ind1=" " ind2=" ">
    <subfield code="0">0</subfield>
    <subfield code="1">0</subfield>
    <subfield code="2">ddc</subfield>
    <subfield code="4">0</subfield>
    <subfield code="7">0</subfield>
    <subfield code="a">SOFT</subfield>
    <subfield code="b">SOFT</subfield>
    <subfield code="d">2025-07-25</subfield>
    <subfield code="e">Usha Shrikant</subfield>
    <subfield code="g">2500.00</subfield>
    <subfield code="o">746.44 SHR</subfield>
    <subfield code="p">SOFT-BK-D242</subfield>
    <subfield code="r">2025-07-25 00:00:00</subfield>
    <subfield code="y">DB</subfield>
  </datafield>
  <datafield tag="952" ind1=" " ind2=" ">
    <subfield code="0">0</subfield>
    <subfield code="1">0</subfield>
    <subfield code="2">ddc</subfield>
    <subfield code="4">0</subfield>
    <subfield code="7">0</subfield>
    <subfield code="a">SOFT</subfield>
    <subfield code="b">SOFT</subfield>
    <subfield code="d">2025-07-25</subfield>
    <subfield code="e">Usha Shrikant</subfield>
    <subfield code="g">2500.00</subfield>
    <subfield code="o">746.44 SHR</subfield>
    <subfield code="p">SOFT-BK-D243</subfield>
    <subfield code="r">2025-07-25 00:00:00</subfield>
    <subfield code="y">DB</subfield>
  </datafield>
  <datafield tag="952" ind1=" " ind2=" ">
    <subfield code="0">0</subfield>
    <subfield code="1">0</subfield>
    <subfield code="2">ddc</subfield>
    <subfield code="4">0</subfield>
    <subfield code="7">0</subfield>
    <subfield code="a">SOFT</subfield>
    <subfield code="b">SOFT</subfield>
    <subfield code="d">2025-07-25</subfield>
    <subfield code="e">Usha Shrikant</subfield>
    <subfield code="g">2500.00</subfield>
    <subfield code="o">746.44 SHR</subfield>
    <subfield code="p">SOFT-BK-D244</subfield>
    <subfield code="r">2025-07-25 00:00:00</subfield>
    <subfield code="y">DB</subfield>
  </datafield>
  <datafield tag="952" ind1=" " ind2=" ">
    <subfield code="0">0</subfield>
    <subfield code="1">0</subfield>
    <subfield code="2">ddc</subfield>
    <subfield code="4">0</subfield>
    <subfield code="7">0</subfield>
    <subfield code="a">SOFT</subfield>
    <subfield code="b">SOFT</subfield>
    <subfield code="d">2025-07-25</subfield>
    <subfield code="e">Usha Shrikant</subfield>
    <subfield code="g">2500.00</subfield>
    <subfield code="o">746.44 SHR</subfield>
    <subfield code="p">SOFT-BK-D245</subfield>
    <subfield code="r">2025-07-25 00:00:00</subfield>
    <subfield code="y">DB</subfield>
  </datafield>
  <datafield tag="952" ind1=" " ind2=" ">
    <subfield code="0">0</subfield>
    <subfield code="1">0</subfield>
    <subfield code="2">ddc</subfield>
    <subfield code="4">0</subfield>
    <subfield code="7">0</subfield>
    <subfield code="a">SOFT</subfield>
    <subfield code="b">SOFT</subfield>
    <subfield code="d">2025-07-25</subfield>
    <subfield code="e">Usha Shrikant</subfield>
    <subfield code="g">2500.00</subfield>
    <subfield code="o">746.44 SHR</subfield>
    <subfield code="p">SOFT-BK-D246</subfield>
    <subfield code="r">2025-07-25 00:00:00</subfield>
    <subfield code="y">DB</subfield>
  </datafield>
  <datafield tag="952" ind1=" " ind2=" ">
    <subfield code="0">0</subfield>
    <subfield code="1">0</subfield>
    <subfield code="2">ddc</subfield>
    <subfield code="4">0</subfield>
    <subfield code="7">0</subfield>
    <subfield code="a">SOFT</subfield>
    <subfield code="b">SOFT</subfield>
    <subfield code="d">2025-07-25</subfield>
    <subfield code="e">Usha Shrikant</subfield>
    <subfield code="g">2500.00</subfield>
    <subfield code="o">746.44 SHR</subfield>
    <subfield code="p">SOFT-BK-D247</subfield>
    <subfield code="r">2025-07-25 00:00:00</subfield>
    <subfield code="y">DB</subfield>
  </datafield>
  <datafield tag="952" ind1=" " ind2=" ">
    <subfield code="0">0</subfield>
    <subfield code="1">0</subfield>
    <subfield code="2">ddc</subfield>
    <subfield code="4">0</subfield>
    <subfield code="7">0</subfield>
    <subfield code="a">SOFT</subfield>
    <subfield code="b">SOFT</subfield>
    <subfield code="d">2025-07-25</subfield>
    <subfield code="e">Usha Shrikant</subfield>
    <subfield code="g">2500.00</subfield>
    <subfield code="o">746.44 SHR</subfield>
    <subfield code="p">SOFT-BK-D248</subfield>
    <subfield code="r">2025-07-25 00:00:00</subfield>
    <subfield code="y">DB</subfield>
  </datafield>
  <datafield tag="952" ind1=" " ind2=" ">
    <subfield code="0">0</subfield>
    <subfield code="1">0</subfield>
    <subfield code="2">ddc</subfield>
    <subfield code="4">0</subfield>
    <subfield code="7">0</subfield>
    <subfield code="a">SOFT</subfield>
    <subfield code="b">SOFT</subfield>
    <subfield code="d">2025-07-25</subfield>
    <subfield code="e">Usha Shrikant</subfield>
    <subfield code="g">2500.00</subfield>
    <subfield code="o">746.44 SHR</subfield>
    <subfield code="p">SOFT-BK-D249</subfield>
    <subfield code="r">2025-07-25 00:00:00</subfield>
    <subfield code="y">DB</subfield>
  </datafield>
  <datafield tag="952" ind1=" " ind2=" ">
    <subfield code="0">0</subfield>
    <subfield code="1">0</subfield>
    <subfield code="2">ddc</subfield>
    <subfield code="4">0</subfield>
    <subfield code="7">0</subfield>
    <subfield code="a">SOFT</subfield>
    <subfield code="b">SOFT</subfield>
    <subfield code="d">2025-07-25</subfield>
    <subfield code="e">Usha Shrikant</subfield>
    <subfield code="g">2500.00</subfield>
    <subfield code="o">746.44 SHR</subfield>
    <subfield code="p">SOFT-BK-D250</subfield>
    <subfield code="r">2025-07-25 00:00:00</subfield>
    <subfield code="y">DB</subfield>
  </datafield>
  <datafield tag="952" ind1=" " ind2=" ">
    <subfield code="0">0</subfield>
    <subfield code="1">0</subfield>
    <subfield code="2">ddc</subfield>
    <subfield code="4">0</subfield>
    <subfield code="7">0</subfield>
    <subfield code="a">SOFT</subfield>
    <subfield code="b">SOFT</subfield>
    <subfield code="d">2025-07-25</subfield>
    <subfield code="e">Usha Shrikant</subfield>
    <subfield code="g">2500.00</subfield>
    <subfield code="o">746.44 SHR</subfield>
    <subfield code="p">SOFT-BK-D251</subfield>
    <subfield code="r">2025-07-25 00:00:00</subfield>
    <subfield code="y">DB</subfield>
  </datafield>
  <datafield tag="952" ind1=" " ind2=" ">
    <subfield code="0">0</subfield>
    <subfield code="1">0</subfield>
    <subfield code="2">ddc</subfield>
    <subfield code="4">0</subfield>
    <subfield code="7">0</subfield>
    <subfield code="a">SOFT</subfield>
    <subfield code="b">SOFT</subfield>
    <subfield code="d">2025-07-25</subfield>
    <subfield code="e">Usha Shrikant</subfield>
    <subfield code="g">2500.00</subfield>
    <subfield code="o">746.44 SHR</subfield>
    <subfield code="p">SOFT-BK-D252</subfield>
    <subfield code="r">2025-07-25 00:00:00</subfield>
    <subfield code="y">DB</subfield>
  </datafield>
  <datafield tag="952" ind1=" " ind2=" ">
    <subfield code="0">0</subfield>
    <subfield code="1">0</subfield>
    <subfield code="2">ddc</subfield>
    <subfield code="4">0</subfield>
    <subfield code="7">0</subfield>
    <subfield code="a">SOFT</subfield>
    <subfield code="b">SOFT</subfield>
    <subfield code="d">2025-07-25</subfield>
    <subfield code="e">Usha Shrikant</subfield>
    <subfield code="g">2500.00</subfield>
    <subfield code="o">746.44 SHR</subfield>
    <subfield code="p">SOFT-BK-D253</subfield>
    <subfield code="r">2025-07-25 00:00:00</subfield>
    <subfield code="y">DB</subfield>
  </datafield>
  <datafield tag="952" ind1=" " ind2=" ">
    <subfield code="0">0</subfield>
    <subfield code="1">0</subfield>
    <subfield code="2">ddc</subfield>
    <subfield code="4">0</subfield>
    <subfield code="7">0</subfield>
    <subfield code="a">SOFT</subfield>
    <subfield code="b">SOFT</subfield>
    <subfield code="d">2025-07-25</subfield>
    <subfield code="e">Usha Shrikant</subfield>
    <subfield code="g">2500.00</subfield>
    <subfield code="o">746.44 SHR</subfield>
    <subfield code="p">SOFT-BK-D254</subfield>
    <subfield code="r">2025-07-25 00:00:00</subfield>
    <subfield code="y">DB</subfield>
  </datafield>
  <datafield tag="952" ind1=" " ind2=" ">
    <subfield code="0">0</subfield>
    <subfield code="1">0</subfield>
    <subfield code="2">ddc</subfield>
    <subfield code="4">0</subfield>
    <subfield code="7">0</subfield>
    <subfield code="a">SOFT</subfield>
    <subfield code="b">SOFT</subfield>
    <subfield code="d">2025-07-25</subfield>
    <subfield code="e">Usha Shrikant</subfield>
    <subfield code="g">2500.00</subfield>
    <subfield code="l">2</subfield>
    <subfield code="o">746.44 SHR</subfield>
    <subfield code="p">SOFT-BK-D255</subfield>
    <subfield code="r">2025-12-08 10:21:01</subfield>
    <subfield code="s">2025-12-01</subfield>
    <subfield code="y">DB</subfield>
  </datafield>
  <datafield tag="952" ind1=" " ind2=" ">
    <subfield code="0">0</subfield>
    <subfield code="1">0</subfield>
    <subfield code="2">ddc</subfield>
    <subfield code="4">0</subfield>
    <subfield code="7">0</subfield>
    <subfield code="a">SOFT</subfield>
    <subfield code="b">SOFT</subfield>
    <subfield code="d">2025-07-25</subfield>
    <subfield code="e">Usha Shrikant</subfield>
    <subfield code="g">2500.00</subfield>
    <subfield code="o">746.44 SHR</subfield>
    <subfield code="p">SOFT-BK-D256</subfield>
    <subfield code="r">2025-07-25 00:00:00</subfield>
    <subfield code="y">DB</subfield>
  </datafield>
  <datafield tag="952" ind1=" " ind2=" ">
    <subfield code="0">0</subfield>
    <subfield code="1">0</subfield>
    <subfield code="2">ddc</subfield>
    <subfield code="4">0</subfield>
    <subfield code="7">0</subfield>
    <subfield code="a">SOFT</subfield>
    <subfield code="b">SOFT</subfield>
    <subfield code="d">2025-07-25</subfield>
    <subfield code="e">Usha Shrikant</subfield>
    <subfield code="g">2500.00</subfield>
    <subfield code="o">746.44 SHR</subfield>
    <subfield code="p">SOFT-BK-D257</subfield>
    <subfield code="r">2025-07-25 00:00:00</subfield>
    <subfield code="y">DB</subfield>
  </datafield>
</record>
